| 000 | 00945nas a2200289 4500 | ||
|---|---|---|---|
| 001 | BR9503596 | ||
| 003 | BR-BrBNA | ||
| 005 | 20231205094350.0 | ||
| 007 | ta | ||
| 008 | 230509b bl.|||p| |||| 00| 00por d | ||
| 040 |
_aBR-BrBNA _bpor _cBiblioteca Nacional de Agricultura |
||
| 041 | _a(Pt) | ||
| 072 | _aF01 | ||
| 100 | 1 | _aVelini, E.D. | |
| 100 | 1 | _aFrederico, L.A. | |
| 100 | 1 | _aMorelli, J.L. | |
| 100 | 1 | _aMarubaiashi, O.M. | |
| 245 | 1 | _aAvaliacao dos efeitos de doses do herbicida clomozone, aplicado em pos-emergencia inicial, sobre o crescimento e produtividade de soqueira de cana-de-acucar (Saccharum officinarum Cv. "SP 71-1406") | |
| 650 | _aCana de Acucar | ||
| 650 | _aSoca | ||
| 650 | _aHerbicida | ||
| 650 | _aPos-Emergencia | ||
| 650 | _aCrescimento | ||
| 773 | 0 |
_tSTAB (Brazil) _xISSN 0102-1214 _g(Mar-Apr 1992), v. 10(4) p. 13-16 _wBR9503596 |
|
| 909 |
_a202311 _bLúcia _c55 _dLúcia Elande |
||
| 942 |
_2AGRIS _n0 _cANA |
||
| 999 |
_c143824 _d143824 |
||